[Event "Lugano op"]
[Site "Lugano"]
[Date "2021.07.31"]
[Round "3"]
[White "Lutz, Ruben"]
[Black "Morello, Alessio"]
[Result "1-0"]
[WhiteElo "2108"]
[BlackElo "1925"]
[PlyCount "73"]
[EventDate "2021.07.30"]
[EventType "swiss"]
[EventRounds "5"]
[EventCountry "SUI"]
[SourceTitle "EXT 2022"]
[Source "ChessBase"]
[SourceDate "2021.10.06"]
[SourceVersion "1"]
[SourceVersionDate "2021.10.06"]
[SourceQuality "1"]

1. d4 e6 2. Nf3 f5 3. Bg5 Be7 4. Bxe7 Qxe7 5. Nbd2 Nf6 6. e3 0-0 7. Bd3 b6 8. c3 d6 9. Qc2 g6 10. e4 e5 11. dxe5 dxe5 12. 0-0-0 f4 13. g3 Nh5 14. Rdg1 Ba6 15. g4 Ng7 16. Bxa6 Nxa6 17. Nc4 Qe6 18. b3 b5 19. Ncxe5 c5 20. Rd1 c4 21. Rd5 b4 22. Nxc4 bxc3 23. Qxc3 Nc7 24. Re5 Qxg4 25. Re7 Nge6 26. Rd1 Rad8 27. Rxd8 Rxd8 28. Nce5 Qh3 29. Qc4 Rc8 30. Kb1 Kf8 31. Rf7+ Kg8 32. Kb2 Kh8 33. Qc3 Kg8 34. Qc4 Kh8 35. Ng5 Nxg5 36. Nxg6+ Kg8 37. Rxc7+ 1-0